000 00690nab a2200265 a 4500
001 61746
003 133963
005 20201118105846.0
008 ||||||n9999 ||| || ||
041 _aspa
100 _aVidal Rucabado, Luis
245 0 _aLa paradoja de la justicia global
260 _aMéxico :
_bVision Incorporated,
_c1999.
300 _app.10-12
562 _e0
650 _aANALISIS DE COYUNTURA
650 _aCHILE
650 _aCORTE PENAL INTERNACIONAL
650 _aDERECHOS HUMANOS
650 _aIGUALDAD DE LOS ESTADOS
650 _aIMPUNIDAD
650 _aINMUNIDAD DIPLOMATICA
773 _060117
_aVision - Vol.92 No.1 (1999)
942 _cSART
999 _c61746
_d61746